| 000 | 00515cam a2200181 4500 | ||
|---|---|---|---|
| 001 | 4808 | ||
| 005 | 20181127174148.0 | ||
| 008 | 910214s1991 nyu 000 1 eng | ||
| 010 | _a 91050148 | ||
| 020 |
_a9781444781359 _c |
||
| 100 | 1 |
_aKing, Stephen, _d1947- |
|
| 245 | 1 | 0 |
_aThe shining / _cStephen King. |
| 260 |
_aLondon : _bHodder, _c2013. |
||
| 300 |
_a690 p. ; _c24 cm. |
||
| 600 |
_aStephen King. _b _c _d _e _f _k _l _m _n _o _p _q _r _s _t _v _x _y _z _2 |
||
| 650 |
_aFiction. _v _x _y _z _2 |
||
| 650 |
_aHorror fiction. _v _x _y _z _2 |
||
| 999 |
_c3992 _d3992 |
||